| 000 | 00633cam a22002173a 4500 | ||
|---|---|---|---|
| 001 | 32616 | ||
| 003 | PGUSA | ||
| 005 | 20140828083715.0 | ||
| 008 | 100531s2010||||xxu|||||s|||||000 | eng d | ||
| 040 |
_aPGUSA _beng |
||
| 042 | _adc | ||
| 050 | 4 | _aAP | |
| 245 | 1 | 4 |
_aThe Galaxy, April, 1877 : _bVol. XXIII.—April, 1877.—No. 4. _h[electronic resource] / _cVarious |
| 260 |
_bProject Gutenberg, _c2010 |
||
| 506 | _aPublic domain in the USA. | ||
| 516 | _aElectronic text | ||
| 653 | _aAmerican literature -- Periodicals | ||
| 830 | 0 |
_aProject Gutenberg _v32616 |
|
| 856 | 4 | 0 | _uhttp://www.gutenberg.org/ebooks/32616 |
| 942 | _cEB | ||
| 999 |
_c261871 _d261871 |
||